000 00348nam a22001457a 4500
003 OSt
005 20160727222416.0
008 160625b xxu||||| |||| 00| 0 eng d
040 _cTEST
100 _91137
_aThomas, V
245 _aFables of Phaedrus
260 _aBOMBAY
_bBETTER YOURSELF BOOKS
_c1991
300 _aFables of Phaedrus
942 _2ddc
_cBK
999 _c920
_d920